| 000 -ლიდერი |
| ფიქსირებული სიგრძის საკონტროლო ველი |
01204nam a2200265Ia 4500 |
| 001 - საკონტროლო ნომერი |
| საკონტროლო ველი |
156 |
| 003 - საკონტროლო ნომრის იდენტიფიკატორი |
| საკონტროლო ველი |
GE_BSU |
| 005 - ბოლო ოპერაციის თარიღი და დრო |
| საკონტროლო ველი |
20250901180514.0 |
| 008 - ფიქსირებული სიგრძის მონაცემთა ელემენტები - ზოგადი ინფორმაცია |
| ფიქსირებული სიგრძის საკონტროლო ველი |
181216s2009||||ge |||||||||||||| ||geo|| |
| 020 ## - წიგნის საერთაშორისო სტანდარტული ნომერი |
| International Standard Book Number |
9789941001581 |
| 040 ## - კატალოგიზაციის წყარო |
| Transcribing agency |
GE_BSU |
| 041 ## - ენის კოდი |
| Language code of text/sound track or separate title |
geo |
| 080 ## - უნივერსალური ათობითი კლასიფიკაციის ინდექსი |
| Universal Decimal Classification number |
314.(075.8) დ–33 |
| 245 ## - ცნობა სათაურის შესახებ |
| Title |
დემოგრაფია : |
| Remainder of title |
სახელმძღვანელო / |
| Statement of responsibility, etc |
შემდგ: გ.წულაძე, ნ.მაღლაფერიძე, ა.სულაბერიძე; რედ: გ.ლორთქიფანიძე |
| 250 ## - გამოცემის ცნობა |
| Edition statement |
მე-2 გადამუშ. და დამატ. გამოცემა |
| 264 ## - წარმოების, გამოცემის, დისტრიბუციის და სხვა ცნობები |
| გამოცემის, წარმოების, დისტრიბუციის... ადგილი |
თბილისი, |
| გამოცემის, წარმოების, დისტრიბუციის... თარიღი |
2009. |
| 300 ## - ფიზიკური აღწერა |
| Extent |
292 გვ. |
| Other physical details |
28სმ. |
| 300 ## - ფიზიკური აღწერა |
| Accompanying material |
დანართები |
| 653 ## - INDEX TERM--UNCONTROLLED |
| Uncontrolled term |
დემოგრაფია |
| 700 ## - ADDED ENTRY--PERSONAL NAME |
| Personal name |
წულაძე, გ. |
| Relator term |
შემდგენელი |
| 9 (RLIN) |
25756 |
| 700 ## - ADDED ENTRY--PERSONAL NAME |
| Personal name |
მაღლაფერიძე,ნ. |
| Relator term |
შემდგენელი |
| 9 (RLIN) |
25757 |
| 700 ## - ADDED ENTRY--PERSONAL NAME |
| Personal name |
სულაბერიძე, ა. |
| Relator term |
შემდგენელი |
| 9 (RLIN) |
4392 |
| 700 ## - ADDED ENTRY--PERSONAL NAME |
| Personal name |
ლორთქიფანიძე, გ. |
| Relator term |
რედაქტორი |
| 9 (RLIN) |
1484 |
| 942 ## - ADDED ENTRY ELEMENTS (KOHA) |
| Koha item type |
წიგნი |
| Source of classification or shelving scheme |
|